000 00694nam a2200205Ia 4500
005 20241129111241.0
008 241129s9999||||xx |||||||||||||| ||und||
037 _aTB
040 _aCRL
_bpun
_cCRL
041 _apun
_2pun
084 _aO153,6:g Q8
_qCRL
100 _aਕੌਰ, ਪਰਮੀਤ, ਚ।
245 0 _aਰੇਖਾ ਚਿੱਤਰ ਸਰੂਪ, ਸਿਧਾਂਤ ਤੇ ਵਿਕਾਸ
_cਕੌਰ, ਪਰਮੀਤ, ਚ।
260 _aਪਟਿਆਲਾ, ਭਾਰਤ
_bਪਬਲੀਕੇਸ਼ਨ ਬਿਊਰੋ
_c2018
300 _a122ਪ੍ਰ0
365 _aINR
_b220
650 _aPunjabi Prose
942 _cTB
_hO153,6:g Q8
999 _c1229584
_d1229584